Normal view
MARC view
Entry Uniform Title
001 - CONTROL NUMBER
- control field: 2952
003 - CONTROL NUMBER IDENTIFIER
- control field: NUST
005 - DATE AND TIME OF LATEST TRANSACTION
- control field: 20170620133042.0
008 - FIXED-LENGTH DATA ELEMENTS
- fixed length control field: 170620|| aca||aabn | a|a d
040 ## - CATALOGING SOURCE
- Original cataloging agency: NUST
- Transcribing agency: NUST
130 ## - HEADING--UNIFORM TITLE
- Uniform title:
- Form subdivision: Volume 134/011001-1 Number 1
- General subdivision: 0889504X
670 ## - SOURCE DATA FOUND
- Source citation: Work cat.: (NUST)24580: ASME 2951, Traction of The ASME , January, 2012.
